NCAAM Basketball Logo Quiz: Conference USA - Statistics

General Stats
  • This quiz has been taken 310 times
    45 since last reset
  • The average score is 11 of 12
Answer Stats
Picture Answer % Correct
Jacksonville St.
100%
Louisiana Tech
100%
Kennesaw St.
97%
Liberty
97%
New Mexico St.
97%
Sam Houston
97%
Florida International
94%
UTEP
94%
Middle Tennessee
91%
Western Kentucky
88%
Delaware
85%
Missouri St.
79%
No matching quizzes found
Score Distribution
Percent of People with Each Score
Percentile by Number Answered
Your Score History
You have not taken this quiz since the last reset